000
00302nam a22001217a 4500
008
160419b xxu||||| |||| 00| 0 eng d
020
_a
9781605477282
020
_a
605477282
041
_a
eng
080
_a
618.2
245
_a
Fundamentals of Nursing:
_c
Ruth Craven ' Constance Hirnle:
942
_2
udc
_c
BK
999
_c
1438
_d
1438